|
|
|
|
| LEADER |
01266nam a2200289 a 4500 |
| 001 |
545 |
| 003 |
BD-DhAAL |
| 008 |
151003s1997 bg ab b 001 0 eng d |
| 010 |
|
|
|a \\\94032113
|
| 020 |
|
|
|a 9840512730
|
| 020 |
|
|
|a 0803992033 (U.S.)
|
| 040 |
|
|
|a DLC
|c DLC
|d DLC
|d BD-DhAAL
|
| 082 |
0 |
0 |
|a 333.91/00954
|2 20
|
| 100 |
1 |
|
|a Crow, Ben.
|9 608
|
| 245 |
1 |
0 |
|a Sharing the Ganges :
|b the politics and technology of river development /
|c Ben Crow, with Alan Lindquist and David Wilson.
|
| 260 |
|
|
|a Dhaka :
|b The University Press ;
|a New Delhi ;
|a Thousand Oaks, Calif. :
|b Sage Publications in association with the Book Review Literary Trust, New Delhi,
|c 1997.
|
| 300 |
|
|
|a 272 p. :
|b ill., maps ;
|c 23 cm.
|
| 504 |
|
|
|a Includes bibliographical references (p. [240]-269) and index.
|
| 541 |
1 |
|
|e 545
|
| 650 |
|
0 |
|a Water resources development
|z India.
|9 609
|
| 650 |
|
0 |
|a Water resources development
|z Bangladesh.
|9 15056
|
| 650 |
|
0 |
|a Water diversion
|z Ganges River (India and Bangladesh)
|9 611
|
| 700 |
1 |
|
|a Lindquist, Alan.
|9 612
|
| 700 |
1 |
|
|a Wilson, David,
|d 1954-
|9 613
|
| 942 |
|
|
|2 ddc
|c BK
|
| 999 |
|
|
|c 35664
|d 35664
|
| 952 |
|
|
|0 0
|1 0
|2 ddc
|4 0
|6 333_910000000000000_00954_CRO
|7 0
|9 56084
|a SCL
|b SCL
|c GEN
|d 2015-10-03
|g 350.00
|l 0
|o 333.9100954 CRO
|p 3020000545
|r 2015-10-03
|t 1
|w 2015-10-03
|y BK
|